00000000nam##2200000za#4500
0019.597093
003CaOODSP
00520230720093655
007cr |||||||||||
008150406|2006||||xxc|||||o    f|0| 0 fre|d
040 |aCaOODSP|bfre
043 |an-cn---
0861 |aYC27-0/391-3F-PDF
1101 |aCanada. |bParlement. |bSénat. |bComité sénatorial permanent des peuples autochtones.
24513|aLa politique agricole et agroalimentaire au Canada : |h[ressource électronique]|bles agriculteurs d'abord! / |cL'honorable Joyce Fairbairn, présidente; L'honorable Leonard J. Gustafson, vice-président.
2463 |aRapport intérimaire du Comité sénatorial permanent de l'agriculture et des forêts
260 |aOttawa - Ontario : |bSénat. |cJuin 2006.
300 |a20p.|bgraphique
4901 |aRapport du Comité sénatorial permanent de l'agriculture et des forêts|v39e [législature], 1re session, [3e rapport]
590 |a11-12-Supp|b2011-07-29
77508|tAgriculture and agri-food policy in Canada : |w(CaOODSP)9.565580
830#0|aRapport du Comité sénatorial permanent de l'agriculture et des forêts ;|v39e [législature], 1re session, [3e rapport]|w(CaOODSP)9.502039
85640|ahttp://publications.gc.ca|qPDF|s128 Ko|uhttps://publications.gc.ca/collections/collection_2011/sen/yc27-0/YC27-0-391-3-fra.pdf|y39e [législature], 1re session, [3e rapport]